000 00291nam a22001217a 4500
008 181023b xxu||||| |||| 00| 0 eng d
041 _aeng
080 _a941
100 _a16
101 _aHis
245 _aTradition Encounters A brief Global History
_cBentley.J.H
942 _2udc
_cBK
999 _c50600
_d50600